Les grands événements de 2010 - Statistiques

Statistiques générales
  • Ce quiz a été pris 10 fois
  • Le résultat moyen est 2 sur 15
Statistiques - réponses
Hint Extra Hint Réponse % Correct
Début des JO d'hiver de Vancouver Canada 12 février
60%
Crash de l'avion du président polonais Pologne 10 avril
20%
Mort de Blake Edwards Etats-Unis 15 décembre
20%
Le repas gastronomique français inscrit à l'UNESCO France 16 novembre
20%
David Cameron 1er ministre Royaume-Uni 11 mai
10%
Tremblement de terre en Haïti Haïti 12 janvier
10%
Accident de chemin de fer de Hal Belgique 15 février
10%
Loi rendant l'école obligatoire Inde 1er avril
10%
Séisme de 8.8 Chili 27 février
10%
Inondations au Brésil Brésil 5 avril
10%
Mort de Bruno Cremer France 7 août
10%
Séisme dans la province du Qinghai Chine 14 avril
0%
Tempête Xanthia France 28 Février
0%
Inauguration du Burj Khalifa Emirats Arabes Unis 4 janvier
0%
33 mineurs ensevelis vivants Chili 5 août
0%
Aucun quiz correspondant
Distribution des résultats
% des personnes avec chaque résultat
Percentile par nombre de réponses
Votre historique - résultats
Vous n’avez pas pris ce quiz